<?xml version="1.0" encoding="UTF-8"?>
<record
    xmlns:xsi="http://www.w3.org/2001/XMLSchema-instance"
    xsi:schemaLocation="http://www.loc.gov/MARC21/slim http://www.loc.gov/standards/marcxml/schema/MARC21slim.xsd"
    xmlns="http://www.loc.gov/MARC21/slim">

  <leader>05096nam a2200325 a 4500</leader>
  <controlfield tag="001">000002207</controlfield>
  <controlfield tag="003">DO-SdBPM</controlfield>
  <controlfield tag="005">20250415125956.0</controlfield>
  <controlfield tag="008">090701s1990    dr   000 0 spa d</controlfield>
  <datafield tag="040" ind1=" " ind2=" ">
    <subfield code="a">DO-SdBPM</subfield>
    <subfield code="b">spa</subfield>
    <subfield code="c">BPMSU </subfield>
  </datafield>
  <datafield tag="082" ind1=" " ind2="4">
    <subfield code="a">331.8097293</subfield>
    <subfield code="b">C343m 1990</subfield>
    <subfield code="2">22</subfield>
  </datafield>
  <datafield tag="100" ind1="1" ind2=" ">
    <subfield code="a">Cass&#xE1;, Roberto, 1948-</subfield>
  </datafield>
  <datafield tag="245" ind1="1" ind2="0">
    <subfield code="a">Movimiento obrero y lucha socialista en la Rep&#xFA;blica Dominicana :</subfield>
    <subfield code="b">desde los origenes hasta 1960 /</subfield>
    <subfield code="c">Roberto Cass&#xE1;.</subfield>
  </datafield>
  <datafield tag="260" ind1=" " ind2=" ">
    <subfield code="a">Santo Domingo :</subfield>
    <subfield code="b">Fundaci&#xF3;n Cultural Dominicana,</subfield>
    <subfield code="c">1990.</subfield>
  </datafield>
  <datafield tag="300" ind1=" " ind2=" ">
    <subfield code="a">620 p ;</subfield>
    <subfield code="c">23 cm.</subfield>
  </datafield>
  <datafield tag="500" ind1=" " ind2=" ">
    <subfield code="a">Incluye notas al pie de las p&#xE1;ginas.</subfield>
  </datafield>
  <datafield tag="504" ind1=" " ind2=" ">
    <subfield code="a">Incluye bibliograf&#xED;a t&#xE9;orica y tem&#xE1;tica.</subfield>
  </datafield>
  <datafield tag="505" ind1="0" ind2=" ">
    <subfield code="t">Agradecimiento --</subfield>
    <subfield code="t">Introducci&#xF3;n --</subfield>
    <subfield code="t">Historia social e historia pol&#xED;tica --</subfield>
    <subfield code="t">Precisiones sobre clases y sujetos --</subfield>
    <subfield code="t">Sobre el objeto de estudio --</subfield>
    <subfield code="t">Algunos elementos metodol&#xF3;gicos --</subfield>
    <subfield code="g">Cap&#xED;tulo I:</subfield>
    <subfield code="t">Formaci&#xF3;n de la clase trabajadora y antecedentes de luchas --</subfield>
    <subfield code="t">Esbozo sobre los marcos constitutivos del capitalismo local --</subfield>
    <subfield code="t">Crecimiento y heterogeneidad de los trabajadores --</subfield>
    <subfield code="t">Patrones de la organizaci&#xF3;n obrera hasta 1930 --</subfield>
    <subfield code="t">Evoluci&#xF3;n temprana del gremial&#xED;smo --</subfield>
    <subfield code="t">La liga de obreros y artesanos --</subfield>
    <subfield code="t">Ampliaci&#xF3;n de la organizaci&#xF3;n y oleada de huelgas durante la ocupaci&#xF3;n militar norteamericana --</subfield>
    <subfield code="t">La politizaci&#xF3;n del movimiento obrero y liderazgo local --</subfield>
    <subfield code="t">La Confederaci&#xF3;n Dominicana del Trabajo --</subfield>
    <subfield code="t">Las ideas de los l&#xED;deres pensantes --</subfield>
    <subfield code="t">Adalberto Chapuseaux, precursor del comunismo militante --</subfield>
    <subfield code="g">Capitulo II :</subfield>
    <subfield code="t">Implantaci&#xF3;n de la dictadura trujillista y sometimiento del movimiento obrero --</subfield>
    <subfield code="t">Los umbrales de 1929 --</subfield>
    <subfield code="t">El ascenso de Trujillo al poder --</subfield>
    <subfield code="t">La pol&#xED;tica social de la dictadura --</subfield>
    <subfield code="t">El movimiento obrero ante la implantaci&#xF3;n de la dictadura --</subfield>
    <subfield code="t">La CDT como aparato de Estado --</subfield>
    <subfield code="t">Sentido de la legislaci&#xF3;n obrera --</subfield>
    <subfield code="t">Movimiento reivindicativos en los inicios de la dictadura --</subfield>
    <subfield code="t">La Asociaci&#xF3;n de Instrucci&#xF3;n y Socorro de Obreros y Campesinos y los hechos de 1934 en Santiago --</subfield>
    <subfield code="t">Otros brotes de comunismo y oposici&#xF3;n a la dictadura --</subfield>
    <subfield code="t">Integraci&#xF3;n de los intelectuales al Estado y sus consecuencias --</subfield>
    <subfield code="t">Las propuestas de Enrique Jim&#xE9;nez --</subfield>
    <subfield code="t">El populismo marxista de Jimenes Grull&#xF3;n --</subfield>
    <subfield code="g">Cap&#xED;tulo III:</subfield>
    <subfield code="t">La lucha revolucionaria clandestina en los a&#xF1;os cuarenta y el Partido Democr&#xE1;tico Revolucionario Dominicano --</subfield>
    <subfield code="t">Factores causales de la aparici&#xF3;n del moviminto comunista --</subfield>
    <subfield code="t">Efectos de la migraci&#xF3;n republicana espa&#xF1;ola --</subfield>
    <subfield code="t">Gestiones iniciales de la organizaci&#xF3;n revolucionaria --</subfield>
    <subfield code="t">Los c&#xED;rculos constitutivos del PDRD --</subfield>
    <subfield code="t">Fundaci&#xF3;n y primeros pasos del PDRD --</subfield>
  </datafield>
  <datafield tag="505" ind1="0" ind2=" ">
    <subfield code="t">El PDRD a trav&#xE9;s de sus documentos --</subfield>
    <subfield code="t">La juventud revolucionaria --</subfield>
    <subfield code="t">El Frente Nacional Dem&#xF3;cratico --</subfield>
    <subfield code="t">Los comunistas y los Estados Unidos --</subfield>
    <subfield code="t">La ofensiva opositora de mediados de 1945 y el proceso posterior --</subfield>
    <subfield code="g">Cap&#xED;tulo IV:</subfield>
    <subfield code="t">El resurgimiento del movimiento obrero 1939-1945 --</subfield>
    <subfield code="t">Fundamentos de reconstituci&#xF3;n --</subfield>
    <subfield code="t">Intensificaci&#xF3;n de la expl&#xF3;taci&#xF3;n social --</subfield>
    <subfield code="t">Sistema de fichas y vales --</subfield>
    <subfield code="t">Cambios socioecon&#xF3;mico en la d&#xE9;cada de los cuarenta --</subfield>
    <subfield code="t">Del gremio al sindicato --</subfield>
    <subfield code="t">Nuevos componentes de la legislaci&#xF3;n laboral --</subfield>
    <subfield code="t">Incremento de las luchas reivindicativas --</subfield>
    <subfield code="t">Mauricio B&#xE1;ez y la Federaci&#xF3;n Local de San Pedro de Macor&#xED;s --</subfield>
    <subfield code="t">La huelga de 1942 y la Federaci&#xF3;n Local de La Romana --</subfield>
    <subfield code="g">Cap&#xED;tulo V:</subfield>
    <subfield code="t">La huelga azucarera de 1946 y coyunturas ulteriores --</subfield>
    <subfield code="t">Lo espont&#xE1;neo y lo organizado en la huelga general --</subfield>
    <subfield code="t">Las actitudes del r&#xE9;gimen --</subfield>
    <subfield code="t">Organizaci&#xF3;n de la huelga --</subfield>
    <subfield code="t">La huelga de ferrocarrileros en noviembre y otros proleg&#xF3;menos --</subfield>
    <subfield code="t">Desenvolvimiento de la huelga --</subfield>
    <subfield code="t">Persistencia de la agitaci&#xF3;n en el sector azucarero --</subfield>
    <subfield code="t">Las luchas reivindicativas en los sectores no azucarero --</subfield>
    <subfield code="t">El Congreso Obrero Nacional --</subfield>
    <subfield code="t">El sector azucarero a fines de 1946 y la Federaci&#xF3;n Nacional de Trabajadores Azucareros (FNTA) --</subfield>
    <subfield code="g">Cap&#xED;tulo VI:</subfield>
    <subfield code="t">El Partido Socialista Popular --</subfield>
    <subfield code="t">La recomposici&#xF3;n en el exilio --</subfield>
    <subfield code="t">Cambios en la escena internacional --</subfield>
    <subfield code="t">Bases ideol&#xF3;gicas y program&#xE1;ticas del Partido Socialista Popular --</subfield>
    <subfield code="t">El auge de las masas --</subfield>
    <subfield code="t">La noche roja --</subfield>
    <subfield code="t">La controversia del r&#xE9;gimen --</subfield>
    <subfield code="t">Divergencias y par&#xE1;lisis en el PSP --</subfield>
    <subfield code="t">El desmembramiento del partido --</subfield>
    <subfield code="g">Cap&#xED;tulo VI:</subfield>
    <subfield code="t">Los comunistas en el exilio --</subfield>
    <subfield code="t">Minimizaci&#xF3;n de la oposici&#xF3;n y del movimiento obrero --</subfield>
    <subfield code="t">La reconstruci&#xF3;n del partido en el exilio --</subfield>
    <subfield code="t">Definiciones pol&#xED;ticas y divergencias --</subfield>
    <subfield code="t">La revoluci&#xF3;n cubana y la invasi&#xF3;n de 1959 --</subfield>
    <subfield code="t">Abreviaturas --</subfield>
    <subfield code="t">Bibliograf&#xED;a te&#xF3;rica --</subfield>
    <subfield code="t">Bibliograf&#xED;a tem&#xE1;tica --</subfield>
    <subfield code="t">Publicaciones peri&#xF3;dicas --</subfield>
  </datafield>
  <datafield tag="505" ind1="0" ind2=" ">
    <subfield code="t">Comunicaciones --</subfield>
    <subfield code="t">Entrevistas, comunicaciones y testimonios orales.</subfield>
  </datafield>
  <datafield tag="590" ind1=" " ind2=" ">
    <subfield code="a">Inventariado, 2025/VM</subfield>
  </datafield>
  <datafield tag="650" ind1="1" ind2="4">
    <subfield code="a">Trabajo y trabajadores</subfield>
    <subfield code="z">Rep&#xFA;blica Dominicana</subfield>
    <subfield code="x">Historia</subfield>
  </datafield>
  <datafield tag="650" ind1="1" ind2="4">
    <subfield code="a">Movimiento obrero</subfield>
    <subfield code="x">Historia.</subfield>
    <subfield code="z">Rep&#xFA;blica Dominicana</subfield>
  </datafield>
  <datafield tag="650" ind1="1" ind2="4">
    <subfield code="a">Derecho laboral</subfield>
    <subfield code="z">Rep&#xFA;blica Dominicana</subfield>
    <subfield code="x">Historia</subfield>
  </datafield>
  <datafield tag="650" ind1=" " ind2="4">
    <subfield code="a">Sindicatos</subfield>
    <subfield code="x">Actividad pol&#xED;tica</subfield>
    <subfield code="x">Historia</subfield>
  </datafield>
  <datafield tag="651" ind1="1" ind2="4">
    <subfield code="a">Rep&#xFA;blica Dominicana</subfield>
    <subfield code="x">Pol&#xED;tica y gobierno</subfield>
    <subfield code="y">1930-1961</subfield>
  </datafield>
  <datafield tag="710" ind1="2" ind2=" ">
    <subfield code="a">Fundaci&#xF3;n Cultural Dominicana. </subfield>
  </datafield>
  <datafield tag="910" ind1=" " ind2=" ">
    <subfield code="a">VMateo V. Control de calidad BPMSU</subfield>
  </datafield>
  <datafield tag="942" ind1=" " ind2=" ">
    <subfield code="2">ddc</subfield>
    <subfield code="c">BK</subfield>
  </datafield>
  <datafield tag="952" ind1=" " ind2=" ">
    <subfield code="0">0</subfield>
    <subfield code="1">0</subfield>
    <subfield code="2">ddc</subfield>
    <subfield code="4">0</subfield>
    <subfield code="7">0</subfield>
    <subfield code="8">CD</subfield>
    <subfield code="a">BPMET</subfield>
    <subfield code="b">BPMET</subfield>
    <subfield code="d">2025-03-31</subfield>
    <subfield code="e">INTEC</subfield>
    <subfield code="l">0</subfield>
    <subfield code="o">BPMSU CD 331.8097293 C343m 1990</subfield>
    <subfield code="p">BPMSU25030116</subfield>
    <subfield code="r">2025-03-31</subfield>
    <subfield code="w">2025-03-31</subfield>
    <subfield code="y">BK</subfield>
  </datafield>
  <datafield tag="999" ind1=" " ind2=" ">
    <subfield code="c">15019</subfield>
    <subfield code="d">15019</subfield>
  </datafield>
</record>
